[Event "Chortkiv Stadnyk Memorial"]
[Site "Chortkiv"]
[Date "2020.12.09"]
[Round "6"]
[White "Polishchuk, Oleg"]
[Black "Vakulenko, Aleksandr"]
[Result "0-1"]
[WhiteElo "2155"]
[BlackElo "2245"]
[PlyCount "86"]
[EventDate "2020.12.07"]
[EventType "tourn"]
[EventRounds "10"]
[EventCountry "UKR"]
[SourceTitle "CBM 199 Extra"]
[Source "ChessBase"]
[SourceDate "2021.01.31"]
[SourceVersion "1"]
[SourceVersionDate "2021.01.31"]
[SourceQuality "1"]

1. d4 d5 2. c4 e6 3. Nc3 c6 4. Nf3 Nf6 5. Bg5 h6 6. Bxf6 Qxf6 7. e3 g6 8. Rc1 Nd7 9. Bd3 Bg7 10. 0-0 0-0 11. cxd5 exd5 12. b4 Qd6 13. Qb3 b5 14. e4 dxe4 15. Nxe4 Qf4 16. Rfe1 Bb7 17. Nc5 Nxc5 18. dxc5 Kh8 19. Rcd1 Rae8 20. Bf1 Rxe1 21. Rxe1 Bc8 22. g3 Qc7 23. Nh4 g5 24. Nf3 Be6 25. Qa3 a5 26. h4 g4 27. Nd2 axb4 28. Qxb4 Ra8 29. Ne4 Ra4 30. Qb1 Bxa2 31. Qd1 Be6 32. Nd6 Ra1 33. Qe2 Rxe1 34. Qxe1 Qa7 35. Qc1 b4 36. Ne8 Qa1 37. Qf4 b3 38. Qb8 Be5 39. Qd8 Qd4 40. Nd6+ Kh7 41. Qe7 Bxg3 42. Ne4 Qxe4 43. fxg3 b2 0-1